000 00586nam a2200193 i 4500
001 bg
245 7 0 _aCzłowiek i praca :
_bstudia i szkice wokół chrześcijańskiej koncepcji pracy /
_cpod red. Józefa Wołkowskiego.
260 _aWarszawa :
_bInstytut Wydawniczy PAX,
_c1979.
300 _a340, [3]s. ;
_c20 cm.
650 9 _aPraca
_xfilozofia
650 9 _aFilozofia chrześcijańska
655 _aSzkice literackie
700 1 _aWOŁKOWSKI, Józef.
_eRed.
040 _cBPK
041 _apol
080 _a261:331
942 _cKS
008 s pl f |000 0 pol
999 _c30480
_d30480
856 _uhttp://koha.tu.koszalin.pl/cgi-bin/koha/opac-detail.pl?biblionumber=30480
_yKatalog online BPK